Las tres llaves [juego] /
Guardado en:
| Formato: | Objeto Físico |
|---|---|
| Publicado: |
Argentina :
Antex andina,
[199?]
|
| Materias: | |
| Etiquetas: |
Agregar Etiqueta
Sin Etiquetas, Sea el primero en etiquetar este registro!
|
| LEADER | 00790nrm a22001695g 4500 | ||
|---|---|---|---|
| 001 | CEM.cems019204 | ||
| 008 | 130507b199?##################0###0#####d | ||
| 005 | 20220829205650.0 | ||
| 003 | CEMS | ||
| 245 | 0 | 0 | |a Las tres llaves [juego] / |c Antex |
| 260 | |a Argentina : |b Antex andina, |c [199?] | ||
| 300 | |a 1 juego(1 tablero, 1 dado, 4 peones, 200 cartas, dispensador de cartas) ; en caja 37 x 27 x 6 cm. + manual de instrucciones. | ||
| 490 | E | d | |c a / Antex |
| 500 | |a Para 2 a 4 jugadores o equipos a partir de 14 años y adultos objetivo: llegar al círculo central del tablero habiendo identificado correctamente personas, cosas o lugares mediante las 3 pistas que se dan. | ||
| 082 | 0 | 4 | |a J793.73 |
| 653 | |a 1. juegos de preguntas y respuestas | ||
| 859 | |a CEMS |b BIB. CEMS - Ludoteca |h J793.73 |i An87 |p 113.96 |t Ej.1 | ||
